Normal view
MARC view
- Frost, Tom
Entry Personal Name
001 - CONTROL NUMBER
- control field: 111959
003 - CONTROL NUMBER IDENTIFIER
- control field: NUST
005 - DATE AND TIME OF LATEST TRANSACTION
- control field: 20230418091739.0
008 - FIXED-LENGTH DATA ELEMENTS
- fixed length control field: 230418|| aca||aabn | a|a d
040 ## - CATALOGING SOURCE
- Original cataloging agency: NUST
- Transcribing agency: NUST
100 ## - HEADING--PERSONAL NAME
- Personal name: Frost, Tom
- Titles and other words associated with a name: (Lecturer in Law)
670 ## - SOURCE DATA FOUND
- Source citation: Work cat.: (NUST)0: Frost, Tom (Lecturer in Law) author., Unlocking the English legal system /
